|
|
|
|
| LEADER |
01389nam a2200373 i 4500 |
| 001 |
EBC5761343 |
| 003 |
MiAaPQ |
| 005 |
20200520144314.0 |
| 006 |
m o d | |
| 007 |
cr cnu|||||||| |
| 008 |
190517t19731964ne o 000 0 eng d |
| 020 |
|
|
|a 9783110811636 (e-book)
|
| 035 |
|
|
|a (MiAaPQ)EBC5761343
|
| 035 |
|
|
|a (Au-PeEL)EBL5761343
|
| 035 |
|
|
|a (OCoLC)1099984367
|
| 040 |
|
|
|a MiAaPQ
|b eng
|e rda
|e pn
|c MiAaPQ
|d MiAaPQ
|
| 050 |
|
4 |
|a P201
|b .L664 1973
|
| 082 |
0 |
|
|a 415
|2 23
|
| 100 |
1 |
|
|a Longacre, Robert F.,
|e author.
|
| 245 |
1 |
0 |
|a Grammar discovery procedures :
|b a field manual /
|c by Robert F. Longacre.
|
| 264 |
|
1 |
|a The Hague ;
|a Paris :
|b Mouton,
|c 1973.
|
| 264 |
|
4 |
|c 1964
|
| 300 |
|
|
|a 1 online resource (164 pages).
|
| 336 |
|
|
|a text
|b txt
|2 rdacontent
|
| 337 |
|
|
|a computer
|b c
|2 rdamedia
|
| 338 |
|
|
|a online resource
|b cr
|2 rdacarrier
|
| 490 |
1 |
|
|a Janua Linguarum. Series Minor ;
|v 33
|
| 588 |
|
|
|a Description based on print version record.
|
| 590 |
|
|
|a Electronic reproduction. Ann Arbor, MI : ProQuest, 2018. Available via World Wide Web. Access may be limited to ProQuest affiliated libraries.
|
| 650 |
|
0 |
|a Grammar, Comparative and general.
|
| 655 |
|
4 |
|a Electronic books.
|
| 797 |
2 |
|
|a ProQuest (Firm)
|
| 830 |
|
0 |
|a Janua linguarum.
|p Series minor ;
|v 33.
|
| 856 |
4 |
0 |
|u https://ebookcentral.proquest.com/lib/matrademy/detail.action?docID=5761343
|z Click to View
|